| 000 | 00508nam a2200205Ia 4500 | ||
|---|---|---|---|
| 005 | 20240823060011.0 | ||
| 008 | 240823s9999||||xx |||||||||||||| ||und|| | ||
| 020 | _a81-239-0125-9 | ||
| 041 | _aENGLISH | ||
| 082 | _A576 Q5 | ||
| 100 | _aBilgrami K S | ||
| 245 | 0 | _aEssentials of Microbiology | |
| 250 | _a1st | ||
| 260 |
_c2015 _bCBS Publishers & Distributors Pv |
||
| 500 | _aYES | ||
| 650 |
_aPerfusion Technology _bAllied Health Science |
||
| 700 | _aSinha R K | ||
| 942 | _cBK | ||
| 999 |
_c230103 _d230103 |
||